000 00583nam a2200205Ia 4500
005 20250923145358.0
008 008 250917s9999 xx 000 0 eng d
037 _aTextual
040 _aDSWL
_beng
_cDSWL
041 _aeng
_2eng
084 _aN.5ox4, N65
_qDSWL
100 _aJairazbhoy, R.A.
_9834670
245 0 _aOriental influences in Western Ant
_c by R.A. Jairazbhoy
260 _aBombay
_bAsia Pub. House
_c1965
300 _avii,340 p.
365 _aINR
_b40 . 0
925 _g40 . 0
942 _cTEXL
_hN.5ox4, N65
999 _c1450654
_d1450654